000 00431nam a22001697a 4500
005 20160616104846.0
008 160616b xxu||||| |||| 00| 0 eng d
020 _a81-203-2615-6
041 _aeng
082 _b7916
100 _aPunnett, Betty Jane
_92060
245 _aInternational respetive on orgainzational behaviour and human resource Mgt.
260 _bphI
300 _a291
650 _aManagement
_9241
942 _cBK
999 _c2886
_d2885